Využitie kvapalinovej chromatografie a inovatívnych techník extrakcie látok v analýze liečivých rastlín a iných zložitých vzoriek

Salvato in:
Dettagli Bibliografici
Autore principale: Krasňanská, Lucia (Autore)
Altri autori: Hroboňová, Katarína (Relatore della tesi)
Natura: Manoscritto Libro
Lingua:slovacco
Pubblicazione: 2021
Soggetti:
Accesso online:http://is.stuba.sk/zp/portal_zp.pl?podrobnosti=149031
Tags: Aggiungi Tag
Nessun Tag, puoi essere il primo ad aggiungerne!!

MARC

LEADER 00000ntm a22000003a 4500
001 stuzp83691
003 SK-STU
005 20210626211007.9
007 ta
008 150427s2015----xo-----f-mn---000-0-slo-d
040 |a STU  |b slo 
041 0 |a slo 
100 1 |a Krasňanská, Lucia  |u 041000  |4 aut  |U FCHPT Fakulta chemickej a potravinárskej technológie  |T FCHPT Ústav analytickej chémie  |X 97500  |U C1000  |Y 99  |7 97500 
242 0 1 |a Use of high performance liquid chromatography and innovative extraction techniques in analysis of plants and other complex samples  |y eng 
245 1 0 |a Využitie kvapalinovej chromatografie a inovatívnych techník extrakcie látok v analýze liečivých rastlín a iných zložitých vzoriek 
260 |c 2021 
650 4 |a kumaríny  |2 slo 
650 4 |a liečivé rastliny  |2 slo 
650 4 |a extrakcia  |2 slo 
650 4 |a HPLC  |2 slo 
650 4 |a coumarins  |2 eng 
650 4 |a medicinal plants  |2 eng 
650 4 |a extraction  |2 eng 
650 4 |a HPLC  |2 eng 
700 1 |a Hroboňová, Katarína  |u 041000  |k Z1  |4 ths  |U FCHPT Fakulta chemickej a potravinárskej technológie  |T FCHPT Ústav analytickej chémie  |X 3931  |U C1000  |Y 99  |7 A000003931 
856 4 |u http://is.stuba.sk/zp/portal_zp.pl?podrobnosti=149031